Սրինգ : (Record no. 87392)
[ view plain ]
| 000 -LEADER | |
|---|---|
| fixed length control field | 00769nam a2200193 a 4500 |
| 001 - CONTROL NUMBER | |
| control field | 000245244 |
| 003 - CONTROL NUMBER IDENTIFIER | |
| control field | AM-YeHGA |
| 005 - DATE AND TIME OF LATEST TRANSACTION | |
| control field | 20250618071636.0 |
| 008 - FIXED-LENGTH DATA ELEMENTS--GENERAL INFORMATION | |
| fixed length control field | 030710s1958 ai 000 | arm d |
| 040 ## - CATALOGING SOURCE | |
| Original cataloging agency | AM-YeHGA |
| 090 ## - LOCALLY ASSIGNED LC-TYPE CALL NUMBER (OCLC); LOCAL CALL NUMBER (RLIN) | |
| -- | 88677 |
| 100 1# - MAIN ENTRY--PERSONAL NAME | |
| Personal name | Բաքո, Ուսուվե |
| 245 10 - TITLE STATEMENT | |
| Title | Սրինգ : |
| Remainder of title | [Բանաստեղծություններ] / |
| Statement of responsibility, etc. | Ու. Բաքո; Թարգմ.՝ Վ. Կարենց; Խմբ.՝ Ս. Ումառյան; Նկ.՝ Ռ. Սարգսյան. |
| 260 ## - PUBLICATION, DISTRIBUTION, ETC. | |
| Place of publication, distribution, etc. | Երևան : |
| Name of publisher, distributor, etc. | Հայպետհրատ, |
| Date of publication, distribution, etc. | 1958. |
| 300 ## - PHYSICAL DESCRIPTION | |
| Extent | 63 էջ ; |
| Dimensions | 16 սմ. |
| 650 14 - SUBJECT ADDED ENTRY--TOPICAL TERM | |
| Topical term or geographic name entry element | Քրդական գրականություն |
| General subdivision | Պոեզիա |
| 700 1# - ADDED ENTRY--PERSONAL NAME | |
| Personal name | Ումառյան, Սերգեյ Հովհաննեսի, |
| Dates associated with a name | 1920-1995 |
| Relator term | խմբ. |
| Relationship | edt |
| 9 (RLIN) | 2472 |
| 700 1# - ADDED ENTRY--PERSONAL NAME | |
| Personal name | Սարգսյան, Ռ. |
| Relator term | նկ. |
| -- | art |
| Withdrawn status | Lost status | Damaged status | Not for loan | Collection | Home library | Current library | Date acquired | Total checkouts | Full call number | Barcode | Date last seen | Cost, replacement price | Price effective from | Koha item type | Public note |
|---|---|---|---|---|---|---|---|---|---|---|---|---|---|---|---|
| General | Fundamental Scientific Library | Fundamental Scientific Library | 22/12/2016 | AI/3352 | FL0079226 | 22/12/2016 | 1.00 | 22/12/2016 | Գրքեր / Books | 30 Days Loan |
ՀՀ Գիտությունների ազգային ակադեմիայի հիմնարար գիտական գրադարան = Fundamental Scientific Library of NAS RA
All site content, except where otherwise noted, is licensed under a